000 00381nam a22001697a 4500
003 SGT
020 _a9789389261813
082 _a617.3
_bO20K
100 _aKAPOOR, SUDHIR K.
245 _aORTHOPAEDIC CLINICS (HIP)
250 _a1ST
260 _aINDIA
_bCBS PUB
_c2020
300 _a120
650 _aORTHOPEADICS
653 _aORTHOPAEDIC CLINICS (HIP)
942 _2ddc
_cBK
999 _c26828
_d26828